000 00392pab a2200157 454500
008 180718b2010 xxu||||| |||| 00| 0 eng d
100 _aAmbagudiya, Jagannath
245 _aTribal rights, dispossession and the state in Orissa
260 _c2010
300 _ap.60-67.
362 _a14 Aug
650 _aTribes
773 _aEconomic and Political Weekly
908 _aN
909 _a87767
999 _c87767
_d87767